000 00371nam a2200145Ia 4500
008 160319s9999 xx 000 0 und d
245 _aInvitation to Dance:
245 _bThe best of the modern dances /
260 _bIvory Music and Video.
260 _c2006
300 _a1 video disc :
300 _bsound, colored ;
300 _c4 3/4 in.
650 _aDances.
999 _c292778
_d292778